000 00199nam a2200109Ia 4500
100 _aKAHN/HERMAN
942 _cBK
245 _aTHE COMING BOOM.
260 _b#N/A
546 _aENGLISH
999 _c23607
_d23607